Kirby Games - Sudden Death - Statistics

General Stats
  • This quiz has been taken 162 times
  • The average score is 12 of 17
Answers on the Grid
Answers color-coded by a green-red scale on the quiz's grid according to % correct below.
Amazing Mirror
Epic Yarn
Squeak Squad
Dream Land
Dream Land 2
Dream Land 3
Dream Land 4
Adventure
Star Stacker
Crystal Shards
Air Ride
Board Game
Double Deluxe
Robot Nightmare
Canvas Curse
Gourmet Race
Dream Buffet
Forgotten Land
Castle Crashers
Jamboree
Diamond Jubilee
Blast-Off
Battle Royale
Rainbow Curse
Massive Attack
Painted Curse
Quadruple Deluxe
Sun Allies
 
Answer Stats
Answer % Correct
Dream Land
86%
Dream Land 2
83%
Air Ride
82%
Dream Buffet
80%
Forgotten Land
78%
Dream Land 3
77%
Squeak Squad
76%
Amazing Mirror
75%
Epic Yarn
75%
Crystal Shards
73%
Adventure
71%
Canvas Curse
70%
Rainbow Curse
67%
Battle Royale
58%
Star Stacker
53%
Gourmet Race
51%
Board Game
12%
No matching quizzes found
Score Distribution
Percent of People with Each Score
Percentile by Number Answered
Your Score History
You have not taken this quiz